Statistiques concernant Drapeaux fusionnés n°2

Cliquez ici pour prendre le quiz!

Statistiques générales

  • Ce quiz a été pris 1 047 fois
  • Le résultat moyen est 18 sur 28

Statistiques - réponses

HintRéponse% Correct
Afrique du Sud
95%
Saint-Marin
89%
Macédoine du Nord
88%
Bhoutan
87%
Colombie
84%
Irak
78%
Arménie
76%
Vatican
71%
Mauritanie
70%
Brunéi
69%
Venezuela
68%
Kiribati
66%
Rwanda
66%
Zambie
66%
Sainte-Lucie
64%
Sénégal
63%
Maldives
60%
Sierra Leone
59%
Saint-Vincent-et-les-Grenadines
56%
Biélorussie
54%
Dominique
52%
Turkménistan
52%
Malawi
49%
Vanuatu
47%
Burundi
41%
Guyana
39%
Îles Marshall
35%
Malte
35%

Distribution des résultats

Percentile par nombre de réponses

% des personnes avec chaque résultat

Votre développement - résultats

Vous n’avez pas pris ce quiz